[Event "6eme Open d'Echecs de Saint-Chely d'Aub"]
[Site "Saint-Chely d'Aubrac (12)"]
[Date "2006.07.17"]
[Round "4.34"]
[White "Vernet, Pierrick"]
[Black "Saucey, Milena"]
[Result "0-1"]
[WhiteElo "1099"]
[BlackElo "1390"]
[PlyCount "82"]
[EventDate "2006.07.??"]

1. e4 e5 2. Nf3 Nc6 3. Nc3 Nf6 4. Bb5 Bd6 5. d3 h6 6. O-O a6 7. h3 axb5 8. Nxb5
O-O 9. Be3 Ne7 10. Nc3 c6 11. Rc1 Bc7 12. b4 d6 13. Nh4 Be6 14. a4 Ng6 15. Nf3
d5 16. d4 dxe4 17. Ne2 exf3 18. gxf3 Bxh3 19. Re1 Ne4 20. fxe4 Nf4 21. Nxf4
exf4 22. Bxf4 Bxf4 23. Qf3 Qg5+ 24. Kh1 Bxc1 25. Kh2 Qg2+ 26. Qxg2 Bxg2 27.
Kxg2 Bg5 28. d5 cxd5 29. exd5 Rxa4 30. Rd1 Rxb4 31. d6 Rd8 32. c3 Rc4 33. Rb1
Rxd6 34. Rxb7 Rxc3 35. Rb8+ Rd8 36. Rb7 h5 37. Ra7 Rd2 38. Ra8+ Kh7 39. Rf8 Be3
40. Kf1 Rxf2+ 41. Ke1 Rc1# 0-1

[Event "6eme Open d'Echecs de Saint-Chely d'Aub"]
[Site "Saint-Chely d'Aubrac (12)"]
[Date "2006.07.17"]
[Round "4.6"]
[White "Jouet-Pastre, Alban"]
[Black "Meijers, Viesturs"]
[Result "0-1"]
[WhiteElo "1972"]
[BlackElo "2474"]
[PlyCount "64"]
[EventDate "2006.07.??"]

1. e4 c5 2. Nf3 e6 3. Nc3 a6 4. g3 b5 5. Bg2 Bb7 6. d3 Nf6 7. O-O b4 8. Ne2 d5
9. e5 Nfd7 10. d4 Nc6 11. c3 a5 12. Nf4 Be7 13. Bh3 Qb6 14. Re1 Nd8 15. c4 dxc4
16. d5 h6 17. dxe6 Nxe6 18. Nxe6 fxe6 19. Qe2 O-O 20. Bg2 Rf5 21. Be3 Raf8 22.
Nd2 Bxg2 23. Kxg2 Qc6+ 24. Kg1 Nxe5 25. f4 c3 26. bxc3 bxc3 27. fxe5 cxd2 28.
Qxd2 c4 29. Qxa5 c3 30. Rac1 Rc8 31. Bd4 c2 32. Re2 Qc4 0-1

[Event "6eme Open d'Echecs de Saint-Chely d'Aub"]
[Site "Saint-Chely d'Aubrac (12)"]
[Date "2006.07.18"]
[Round "4.4"]
[White "Karpatchev, Aleksandr"]
[Black "Hassler, Franck"]
[Result "1/2-1/2"]
[WhiteElo "2533"]
[BlackElo "2222"]
[PlyCount "98"]
[EventDate "2006.07.??"]

1. e4 c5 2. c3 d5 3. exd5 Qxd5 4. d4 Nc6 5. Nf3 e6 6. Be2 cxd4 7. cxd4 Nf6 8.
O-O a6 9. Nc3 Qd6 10. Bg5 Be7 11. Qd2 O-O 12. Rac1 Nd5 13. Bxe7 Ncxe7 14. Ne5
Nxc3 15. Qxc3 Nd5 16. Qc5 Rd8 17. Bf3 Qxc5 18. Rxc5 b6 19. Bxd5 Rxd5 20. Rc7 a5
21. Nc4 Rb8 22. Nxb6 Rd8 23. Nxc8 Rbxc8 24. Rfc1 Rb8 25. b3 g6 26. R7c4 Rd5 27.
Kf1 Rb4 28. Rxb4 axb4 29. Ke2 Ra5 30. Rc2 Kf8 31. Kd2 Ke7 32. Kc1 Kd6 33. Kb2
h5 34. Rc4 Rb5 35. a3 bxa3+ 36. Kxa3 Ra5+ 37. Kb2 h4 38. Rc8 Rf5 39. Rc2 h3 40.
g3 Rf3 41. b4 Rd3 42. Kc1 Rb3 43. Rb2 Rd3 44. b5 Kc7 45. b6+ Kb7 46. Rb4 Rf3
47. Rb2 Rd3 48. Rb4 Rf3 49. Rb2 Rd3 1/2-1/2